[Event "Weekend Vitinia"]
[Site "Roma ITA"]
[Date "1997.11.??"]
[Round "1"]
[White "Buffoni, Luca"]
[Black "Marzano, Carlo"]
[Result "1/2-1/2"]
[WhiteElo "1651"]
[BlackElo "2160"]
[PlyCount "58"]
[EventDate "1997.11.??"]

1. e4 g6 2. d4 c6 3. Nf3 d5 4. Bd3 Bg7 5. c3 Nh6 6. h3 O-O 7. O-O f6 8. Re1 Nf7
9. exd5 cxd5 10. Bf4 Nc6 11. c4 e5 12. cxd5 Nxd4 13. Nxd4 exd4 14. Na3 a6 15.
Rc1 g5 16. Bc7 Qxd5 17. Nc4 Be6 18. Nb6 Qxa2 19. Nxa8 Rxa8 20. Ra1 Qd5 21. Ra5
Qd7 22. Bb6 Ne5 23. Re4 Nxd3 24. Qxd3 f5 25. Re1 Qc6 26. Bxd4 Rd8 27. Qe3 Rxd4
28. Qxe6+ Qxe6 29. Rxe6 Rd1+ 1/2-1/2

[Event "Weekend Vitinia"]
[Site "Roma ITA"]
[Date "1997.11.??"]
[Round "1"]
[White "Campagna, Maurizio"]
[Black "De Francesco, Massimo"]
[Result "1-0"]
[WhiteElo "1573"]
[BlackElo "1740"]
[PlyCount "63"]
[EventDate "1997.11.??"]

1. d4 Nf6 2. c4 e6 3. Nc3 Bb4 4. Qc2 c5 5. e3 d5 6. a3 Bxc3+ 7. Qxc3 Ne4 8. Qc2
Nc6 9. dxc5 a5 10. Nf3 Nxc5 11. cxd5 Qxd5 12. Bc4 Qd6 13. O-O O-O 14. Rd1 Qe7
15. b3 e5 16. h3 e4 17. Nd4 Qg5 18. Kh1 Kh8 19. Nxc6 bxc6 20. a4 Na6 21. Qxe4
Qf6 22. Ba3 Bf5 23. Qd4 Qxd4 24. Rxd4 Nb4 25. Bxb4 axb4 26. Rad1 g6 27. e4 Bc8
28. Rd8 Kg7 29. Rxf8 Kxf8 30. Rd6 c5 31. Bd5 Ke7 32. Rc6 1-0

[Event "Weekend Vitinia"]
[Site "Roma ITA"]
[Date "1997.11.??"]
[Round "1"]
[White "Casella, Carlo"]
[Black "Mastroddi, Emiliano"]
[Result "1-0"]
[WhiteElo "1588"]
[BlackElo "1753"]
[PlyCount "131"]
[EventDate "1997.11.??"]

1. e4 c5 2. Nf3 d6 3. d4 cxd4 4. Nxd4 Nf6 5. Nc3 g6 6. Bg5 Bg7 7. Qd2 O-O 8.
O-O-O Nc6 9. Nb3 Be6 10. f3 Bxb3 11. cxb3 Qa5 12. Kb1 Rfc8 13. h4 Ne5 14. Bxf6
Bxf6 15. Nd5 Qxd2 16. Rxd2 Kg7 17. Be2 Rc6 18. g4 e6 19. Nxf6 Kxf6 20. Rhd1 Ke7
21. f4 Nd7 22. Bb5 Rb6 23. Bxd7 Kxd7 24. Rc2 Rc6 25. Rxc6 bxc6 26. f5 gxf5 27.
exf5 exf5 28. gxf5 Re8 29. Rg1 f6 30. Rg7+ Re7 31. Rg8 d5 32. Kc2 Kd6 33. Rg2
d4 34. h5 h6 35. b4 Kd5 36. b3 Re5 37. Rg6 Rxf5 38. Rxh6 Ke4 39. Rh7 Rf2+ 40.
Kb1 Kd3 41. Rc7 f5 42. h6 Rh2 43. Rxc6 f4 44. Rf6 Ke3 45. Re6+ Kd3 46. Rf6 Kc3
47. Rc6+ Kd3 48. Rf6 Ke3 49. Re6+ Kd2 50. Rf6 d3 51. Rxf4 Rxh6 52. Rf7 Re6 53.
Rc7 Ke2 54. Rd7 d2 55. Kb2 d1=Q 56. Rxd1 Kxd1 57. Kc3 Rc6+ 58. Kd4 Kc2 59. b5
Rc8 60. Kd5 Kc3 61. b6 Kb4 62. Kd6 Ka3 63. b7 Rh8 64. Kc7 Rh7+ 65. Kc6 Kxa2 66.
b8=Q 1-0

[Event "Weekend Vitinia"]
[Site "Roma ITA"]
[Date "1997.11.??"]
[Round "1"]
[White "Cenni, Franco"]
[Black "Corvi, Marco"]
[Result "0-1"]
[WhiteElo "1663"]
[BlackElo "2260"]
[PlyCount "86"]
[EventDate "1997.11.??"]

1. d4 f5 2. c4 Nf6 3. Nc3 b6 4. Nf3 Bb7 5. e3 e6 6. g3 Bb4 7. Bg2 Bxc3+ 8. bxc3
O-O 9. O-O d6 10. a4 Ne4 11. Bb2 Ba6 12. Nd2 d5 13. Bxe4 fxe4 14. a5 Nc6 15.
axb6 axb6 16. Ra4 Na5 17. f4 Bxc4 18. Nxc4 Nxc4 19. Rxa8 Qxa8 20. Bc1 Qa5 21.
Qb3 b5 22. Rf2 Qa4 23. Qc2 Ra8 24. Kg2 g6 25. g4 Qxc2 26. Rxc2 Kf7 27. h4 Ke7
28. Kg3 h5 29. gxh5 gxh5 30. Rg2 Rg8+ 31. Kf2 Rxg2+ 32. Kxg2 Kf6 33. Kf2 Nd6
34. Kg3 Nf5+ 35. Kh3 Ke7 36. Ba3+ Kd7 37. Bc1 Kc6 38. Bd2 Kb6 39. Kh2 Ka5 40.
c4+ b4 41. c5 Kb5 42. Kh3 c6 43. Kh2 b3 0-1

[Event "Weekend Vitinia"]
[Site "Roma ITA"]
[Date "1997.11.??"]
[Round "1"]
[White "Chiaretti, Roberto"]
[Black "Piccioni, Marco"]
[Result "1-0"]
[WhiteElo "2150"]
[BlackElo "1651"]
[PlyCount "41"]
[EventDate "1997.11.??"]

1. e4 e5 2. Bc4 Nc6 3. Nf3 Nf6 4. d3 Be7 5. O-O O-O 6. Re1 d6 7. c3 Na5 8. Bb5
c6 9. Ba4 b5 10. Bc2 Bg4 11. h3 Bh5 12. Nbd2 Qc7 13. Nf1 d5 14. Ng3 Bxf3 15.
Qxf3 Rad8 16. d4 dxe4 17. Nxe4 exd4 18. Nxf6+ Bxf6 19. Qf5 g6 20. Qxf6 d3 21.
Bh6 1-0

[Event "Weekend Vitinia"]
[Site "Roma ITA"]
[Date "1997.11.??"]
[Round "1"]
[White "De Carolis, Massimo"]
[Black "Ferretti, Folco"]
[Result "0-1"]
[WhiteElo "1702"]
[BlackElo "2285"]
[PlyCount "86"]
[EventDate "1997.11.??"]

1. d4 Nf6 2. Nf3 e6 3. c4 b6 4. Nc3 Bb7 5. a3 d5 6. cxd5 exd5 7. e3 a6 8. Bd3
Bd6 9. O-O O-O 10. b4 Nbd7 11. Bb2 c5 12. bxc5 bxc5 13. dxc5 Nxc5 14. Bc2 Qc7
15. Rc1 Rad8 16. Ne2 Qe7 17. Ng3 Bxg3 18. hxg3 Nce4 19. Qd4 Bc8 20. Ne5 Rd6 21.
a4 Re6 22. Bb3 Qb7 23. Bc2 Rfe8 24. Ng4 Nh5 25. Nh2 Rb6 26. Ba3 Rh6 27. Nf3
Nhxg3 28. fxg3 Nxg3 29. Rfe1 Bf5 30. Bxf5 Nxf5 31. Qd3 Ng3 32. Rb1 Qd7 33. Rb4
Qe6 34. a5 Rh1+ 35. Kf2 Ne4+ 36. Ke2 Qg4 37. Rxh1 Qxg2+ 38. Ke1 Qf2+ 39. Kd1
Qxf3+ 40. Kc2 Rc8+ 41. Kb2 Qxh1 42. Qb1 Qh2+ 43. Ka1 Nc3 0-1

[Event "Weekend Vitinia"]
[Site "Roma ITA"]
[Date "1997.11.??"]
[Round "1"]
[White "Galdelli, Fabiano"]
[Black "De Blasio, Alessandro"]
[Result "0-1"]
[WhiteElo "1738"]
[BlackElo "1570"]
[PlyCount "100"]
[EventDate "1997.11.??"]

1. e4 c5 2. Nf3 d6 3. d4 cxd4 4. Nxd4 Nf6 5. Nc3 g6 6. Nd5 Nxd5 7. exd5 Qa5+ 8.
Bd2 Qxd5 9. Nb5 Na6 10. Qe2 Bg7 11. Bc3 Bxc3+ 12. Nxc3 Qe6 13. O-O-O Qxe2 14.
Bxe2 Nc7 15. Rhe1 O-O 16. Bf3 Re8 17. h4 Rb8 18. Ne4 Bd7 19. h5 Bc6 20. hxg6
hxg6 21. Rh1 Kg7 22. Rh2 Rh8 23. Rdh1 Rxh2 24. Rxh2 Rh8 25. Rxh8 Kxh8 26. Ng5
Bxf3 27. Nxf3 Kg7 28. Kd2 e5 29. c4 Kf6 30. b4 e4 31. Nd4 Ke5 32. Ke3 f5 33.
f4+ Kf6 34. a4 g5 35. g4 gxf4+ 36. Kxf4 fxg4 37. Kxe4 Kg5 38. Nf5 d5+ 39. cxd5
Nxd5 40. Nd6 Nxb4 41. Nxb7 Kh4 42. Nd6 Kh3 43. Nf5 Na6 44. Ke3 Nc5 45. a5 Nb3
46. Kf4 Nxa5 47. Ne3 g3 48. Kf3 Nc4 49. Nxc4 g2 50. Kf2 Kh2 0-1

[Event "Weekend Vitinia"]
[Site "Roma ITA"]
[Date "1997.11.??"]
[Round "1"]
[White "Galeno, Giorgio"]
[Black "Viscardi, Riccardo"]
[Result "1/2-1/2"]
[WhiteElo "1764"]
[BlackElo "1600"]
[PlyCount "59"]
[EventDate "1997.11.??"]

1. d4 Nf6 2. c4 g6 3. Nc3 d5 4. cxd5 Nxd5 5. e4 Nxc3 6. bxc3 Bg7 7. Be3 c5 8.
Bb5+ Bd7 9. Bc4 O-O 10. Ne2 b5 11. Bb3 e6 12. O-O Nc6 13. Qc1 Na5 14. Bc2 cxd4
15. Bxd4 Qc7 16. Bxg7 Kxg7 17. Qe3 Rfd8 18. h4 Nc4 19. Qg5 f6 20. Qc1 e5 21.
Bb3 Be6 22. Rd1 Rxd1+ 23. Qxd1 Rd8 24. Qe1 Qc6 25. Ng3 Rd3 26. Rd1 Qd6 27. Rxd3
Qxd3 28. h5 Kf7 29. hxg6+ hxg6 30. Qc1 1/2-1/2

[Event "Weekend Vitinia"]
[Site "Roma ITA"]
[Date "1997.11.??"]
[Round "1"]
[White "Lavieri, Doriano"]
[Black "Cordelli, Benedetto"]
[Result "1-0"]
[WhiteElo "1855"]
[BlackElo "1600"]
[PlyCount "71"]
[EventDate "1997.11.??"]

1. d4 Nf6 2. c4 e6 3. Nf3 b6 4. a3 Bb7 5. Nc3 Be7 6. d5 O-O 7. e4 exd5 8. exd5
Re8 9. Be2 d6 10. O-O Nbd7 11. Nd4 Bf8 12. b4 g6 13. Bb2 Bg7 14. Re1 Ne4 15.
Nxe4 Rxe4 16. Qd2 Qf6 17. Rad1 Rae8 18. Bc3 Qe7 19. Kf1 Qh4 20. Nf3 Bxc3 21.
Qxc3 Qe7 22. Bd3 Rxe1+ 23. Rxe1 Qf8 24. Rxe8 Qxe8 25. Qd4 f6 26. Qf4 Qf7 27.
Nd4 Ba6 28. Ne6 Ne5 29. Be2 c5 30. b5 Qe7 31. bxa6 g5 32. Qf5 Qf7 33. Nd8 Qg7
34. Qc8 Qg6 35. Ne6+ Kf7 36. Qf8# 1-0

[Event "Weekend Vitinia"]
[Site "Roma ITA"]
[Date "1997.11.??"]
[Round "1"]
[White "Ludovici, Roberto"]
[Black "Del Castello, Lucio"]
[Result "0-1"]
[WhiteElo "1728"]
[BlackElo "1552"]
[PlyCount "94"]
[EventDate "1997.11.??"]

1. e4 e5 2. Nf3 Nc6 3. Bc4 Nf6 4. Qe2 Be7 5. O-O d6 6. h3 O-O 7. Rd1 a6 8. a3
Na5 9. Ba2 c5 10. c3 Qc7 11. d4 c4 12. Nbd2 b5 13. Nf1 Re8 14. d5 Nb7 15. Ng3
g6 16. Bg5 Nc5 17. Ne1 Bd7 18. f3 Nh5 19. Bxe7 Nxg3 20. Qf2 Rxe7 21. Qxg3 f5
22. Qh4 Rf7 23. Bb1 Raf8 24. exf5 Bxf5 25. Bxf5 Rxf5 26. Rac1 Qg7 27. Rc2 Rf4
28. Qg5 R4f5 29. Qg3 Qe7 30. Re2 Qf6 31. Nc2 Nd3 32. Ne3 Nf4 33. Red2 Rg5 34.
Ng4 Qg7 35. Qh2 Kh8 36. Ne3 Qe7 37. g4 Qa7 38. Re1 Nd3 39. Rxd3 Rxf3 40. Qg2 e4
41. Rd4 Re5 42. Kh2 Qf7 43. Rf1 Qf4+ 44. Kh1 Qxe3 45. Kh2 Qf4+ 46. Kg1 Qe3+ 47.
Rf2 Rg3 0-1

[Event "Weekend Vitinia"]
[Site "Roma ITA"]
[Date "1997.11.??"]
[Round "1"]
[White "Matano, Arturo"]
[Black "Luzi, Alessandro"]
[Result "0-1"]
[WhiteElo "1705"]
[BlackElo "1540"]
[PlyCount "108"]
[EventDate "1997.11.??"]

1. d4 Nf6 2. Nf3 g6 3. Nc3 Bg7 4. e4 d6 5. h3 O-O 6. Be3 e5 7. dxe5 dxe5 8.
Qxd8 Rxd8 9. Bg5 c6 10. Nxe5 Re8 11. O-O-O Nxe4 12. Nxe4 Bxe5 13. Nf6+ Bxf6 14.
Bxf6 Be6 15. Be2 Nd7 16. Bc3 Nc5 17. Rhe1 Bd5 18. Bf1 a6 19. b3 Ne4 20. Bd4 f5
21. f3 Ng3 22. Bd3 Nh5 23. c4 Bf7 24. Be5 Rad8 25. Kc2 b5 26. c5 Bd5 27. Bd6
Kf7 28. Re2 Rxe2+ 29. Bxe2 Re8 30. Kd2 Ng7 31. Re1 Ne6 32. Bd1 Nd8 33. Rxe8
Kxe8 34. Bg3 Ne6 35. Bf2 Nf4 36. Bg3 Nxg2 37. Ke2 f4 38. Bh2 g5 39. Bc2 h6 40.
Bf5 Ne3 41. Bc8 a5 42. h4 Nc2 43. hxg5 hxg5 44. Bg1 Nb4 45. a3 Nc2 46. b4 a4
47. Bf5 Nxa3 48. Bd4 Ke7 49. Kf2 Nc4 50. Ke2 a3 51. Bb1 Ke6 52. Bc3 Ne5 53. Be4
Bxe4 54. fxe4 Nc4 0-1

[Event "Weekend Vitinia"]
[Site "Roma ITA"]
[Date "1997.11.??"]
[Round "1"]
[White "Mazziotto, Nicola"]
[Black "Viscogliosi, Enzo"]
[Result "0-1"]
[WhiteElo "1570"]
[BlackElo "1732"]
[PlyCount "60"]
[EventDate "1997.11.??"]

1. e4 Nf6 2. e5 Nd5 3. d4 d6 4. c4 Nb6 5. f4 g6 6. Nf3 Bg7 7. Be2 Nc6 8. O-O
Bg4 9. b3 Bxf3 10. Rxf3 dxe5 11. dxe5 Qd4+ 12. Qxd4 Nxd4 13. Rf2 Nc2 14. c5 Nd7
15. Na3 Nxa1 16. c6 bxc6 17. Bb2 Nxb3 18. axb3 e6 19. Bf3 O-O 20. Bxc6 Rad8 21.
Nb5 Nb6 22. Nxa7 Rd1+ 23. Rf1 Rfd8 24. Nb5 Bf8 25. Ba3 Bxa3 26. Nxa3 Rxf1+ 27.
Kxf1 Rd3 28. Nb5 Rxb3 29. Nxc7 Rc3 30. Nd5 Nxd5 0-1

[Event "Weekend Vitinia"]
[Site "Roma ITA"]
[Date "1997.11.??"]
[Round "1"]
[White "Michelena, Rodolfo"]
[Black "Iacoacci, Giancarlo"]
[Result "1-0"]
[WhiteElo "1813"]
[BlackElo "1600"]
[PlyCount "49"]
[EventDate "1997.11.??"]

1. b3 e5 2. Bb2 Nc6 3. Nc3 Nf6 4. e4 Bc5 5. Bc4 Ne7 6. Nf3 d6 7. Qe2 c6 8. a3
h6 9. g4 b5 10. Bd3 Ng6 11. O-O-O Nf4 12. Qf1 Nh7 13. Nxe5 dxe5 14. Bxb5 Bd7
15. Bc4 O-O 16. Ne2 Qc7 17. Nxf4 exf4 18. g5 hxg5 19. f3 Be6 20. h4 Qe7 21.
hxg5 Nxg5 22. Rh5 Bxa3 23. Bxe6 Qxe6 24. Qh1 g6 25. Rh8# 1-0

[Event "Weekend Vitinia"]
[Site "Roma ITA"]
[Date "1997.11.??"]
[Round "1"]
[White "Passerotti, Pierluigi"]
[Black "Capone, Gioacchino"]
[Result "1-0"]
[WhiteElo "2310"]
[BlackElo "1699"]
[PlyCount "96"]
[EventDate "1997.11.??"]

1. d4 Nf6 2. Nf3 d5 3. e3 e6 4. Nbd2 c5 5. b3 Be7 6. Bd3 Nc6 7. Bb2 Nb4 8. Be2
Bd7 9. O-O cxd4 10. exd4 Rc8 11. c4 b6 12. Ne5 O-O 13. f4 Nc6 14. Bd3 dxc4 15.
bxc4 Be8 16. Ndf3 Nb4 17. Bb1 Bc6 18. a3 Na6 19. f5 exf5 20. Bxf5 Bd7 21. Nxd7
Nxd7 22. Rc1 Nab8 23. Ne5 Rc7 24. Nxf7 Rxf7 25. Bxh7+ Kf8 26. Rxf7+ Kxf7 27.
Qh5+ Kf8 28. Bg6 Nf6 29. Rf1 Kg8 30. Bf7+ Kf8 31. Bd5 Qxd5 32. Qxd5 Nbd7 33.
Qe6 Ke8 34. a4 Nf8 35. Qe2 Kd8 36. a5 Bd6 37. axb6 axb6 38. Ra1 Kd7 39. Ra6 Rb7
40. g4 Ne6 41. Qg2 Kc7 42. g5 Nf4 43. Qf3 N6h5 44. Bc1 g6 45. c5 bxc5 46. Qc6+
Kb8 47. Qxd6+ Rc7 48. Bxf4 Nxf4 1-0

[Event "Weekend Vitinia"]
[Site "Roma ITA"]
[Date "1997.11.??"]
[Round "1"]
[White "Pezzaldi, Roberto"]
[Black "Vannelli, Vittorio"]
[Result "1-0"]
[WhiteElo "2095"]
[BlackElo "1636"]
[PlyCount "38"]
[EventDate "1997.11.??"]

1. c4 e5 2. Nc3 Nf6 3. g3 Bb4 4. Bg2 O-O 5. Nf3 Re8 6. O-O Bxc3 7. bxc3 d6 8.
Rb1 Nc6 9. d3 e4 10. Nd4 exd3 11. exd3 Ne5 12. Bf4 Ng6 13. Bg5 c6 14. Re1 Rxe1+
15. Qxe1 Ne5 16. Bxf6 Qxf6 17. f4 Ng6 18. Nxc6 Bf5 19. Nb4 Qxc3 1-0

[Event "Weekend Vitinia"]
[Site "Roma ITA"]
[Date "1997.11.??"]
[Round "1"]
[White "Quimi, Marco"]
[Black "Rotondi, Paolo"]
[Result "1-0"]
[WhiteElo "2240"]
[BlackElo "1660"]
[PlyCount "101"]
[EventDate "1997.11.??"]

1. d4 Nf6 2. Nf3 e6 3. g3 d5 4. Bg2 c6 5. O-O Bd6 6. c4 dxc4 7. a4 Nbd7 8. Nc3
O-O 9. e4 e5 10. Be3 Re8 11. Qc2 Qc7 12. Rfd1 Nf8 13. h3 h6 14. dxe5 Bxe5 15.
Nxe5 Qxe5 16. Bd4 Qg5 17. a5 a6 18. Qe2 Be6 19. Kh2 Qg6 20. f4 Bd5 21. Bxf6
Qxf6 22. e5 Bxg2 23. exf6 Rxe2 24. Nxe2 Bf3 25. Rd2 gxf6 26. Nd4 Bd5 27. Nf5
Kh7 28. Ne3 Be6 29. f5 Bd7 30. g4 c5 31. Nxc4 Bc6 32. Nb6 Re8 33. Rc1 Kg7 34.
Rxc5 Re1 35. Rxc6 bxc6 36. h4 Re5 37. Nc4 Rc5 38. Nd6 Rxa5 39. Ne8+ Kh8 40.
Nxf6 Kg7 41. Nh5+ Kg8 42. Kg3 Ra4 43. g5 hxg5 44. hxg5 c5 45. Rd8 Rd4 46. Nf6+
Kg7 47. Rxd4 cxd4 48. Kf4 Nh7 49. Nxh7 Kxh7 50. Ke4 Kg7 51. Kxd4 1-0

[Event "Weekend Vitinia"]
[Site "Roma ITA"]
[Date "1997.11.??"]
[Round "1"]
[White "Ridolfi, Raffaele"]
[Black "Palombi, Roberto"]
[Result "0-1"]
[WhiteElo "1633"]
[BlackElo "2055"]
[PlyCount "90"]
[EventDate "1997.11.??"]

1. d4 Nf6 2. c4 c5 3. d5 e6 4. Nc3 exd5 5. cxd5 d6 6. e4 g6 7. f4 Bg7 8. Bb5+
Nfd7 9. Nf3 O-O 10. O-O a6 11. Bd3 Nf6 12. h3 Re8 13. Re1 b5 14. Qc2 Ra7 15.
Be3 Rae7 16. Bf2 b4 17. Nd1 Nbd7 18. Bh4 Qb6 19. Kh2 Qb8 20. Nf2 Nb6 21. Rac1
Ra7 22. g4 Bd7 23. Bg3 Bb5 24. Nd2 Nfd7 25. g5 Na4 26. b3 Nc3 27. Nb1 Bxd3 28.
Qxd3 Nxa2 29. Rc2 Nc3 30. Nxc3 Bxc3 31. Ree2 Qb5 32. Qf3 a5 33. Nd1 Bd4 34. Nb2
Bxb2 35. Rxb2 a4 36. bxa4 Rxa4 37. f5 Ne5 38. Bxe5 Rxe5 39. fxg6 hxg6 40. Rf2
Qd7 41. h4 Ra3 42. Qf4 Qh3+ 43. Kg1 Ra1+ 44. Rf1 Rxf1+ 45. Qxf1 Qxf1+ 0-1

[Event "Weekend Vitinia"]
[Site "Roma ITA"]
[Date "1997.11.??"]
[Round "1"]
[White "Scacco, Mauro"]
[Black "Perotti, Germano"]
[Result "1-0"]
[WhiteElo "2045"]
[BlackElo "1630"]
[PlyCount "69"]
[EventDate "1997.11.??"]

1. e4 d6 2. d4 Nf6 3. Nc3 g6 4. f4 Bg7 5. Nf3 c5 6. dxc5 Qa5 7. Bd3 Qxc5 8. Qe2
O-O 9. Be3 Qa5 10. O-O Bg4 11. h3 Bxf3 12. Qxf3 Nc6 13. Rae1 Nd7 14. Bd2 Qb6+
15. Kh1 Nc5 16. Nd5 Qd8 17. f5 Ne5 18. Qg3 Nexd3 19. cxd3 Be5 20. Bf4 Bxf4 21.
Rxf4 e6 22. Nc3 Nd7 23. Ref1 Qb6 24. Nd1 Qd4 25. Qg5 f6 26. Qg3 e5 27. Rh4 g5
28. Rh5 Rf7 29. h4 g4 30. Nc3 Rg7 31. Nd5 Kf7 32. Rc1 Qxb2 33. Rc7 Rd8 34. Rh6
Qc1+ 35. Rxc1 1-0

[Event "Weekend Vitinia"]
[Site "Roma ITA"]
[Date "1997.11.??"]
[Round "1"]
[White "Simeoni, Matteo"]
[Black "Ferri, Stefano"]
[Result "0-1"]
[WhiteElo "1830"]
[BlackElo "1901"]
[PlyCount "80"]
[EventDate "1997.11.??"]

1. e4 c5 2. Nf3 Nf6 3. Nc3 e6 4. d4 cxd4 5. Nxd4 Nc6 6. Be3 Bb4 7. Bd3 d5 8.
Nxc6 bxc6 9. exd5 exd5 10. Bd2 O-O 11. O-O Bg4 12. Qc1 c5 13. Re1 c4 14. Bf1
Qd7 15. Bg5 Ne4 16. Rxe4 dxe4 17. Nxe4 Rac8 18. c3 Be7 19. Qf4 f6 20. Bxc4+
Rxc4 21. Nxf6+ gxf6 22. Qxc4+ Be6 23. Qe2 fxg5 24. Rd1 Qc6 25. Re1 Rf6 26. Qe5
Qc5 27. Qg3 Bd6 28. Qe3 Qxe3 29. Rxe3 Bc5 30. Re2 Bxa2 31. b4 Bc4 32. Rd2 Bb6
33. g3 Rf3 34. Kg2 Rxc3 35. Kh3 Be6+ 36. Kg2 Rb3 37. Re2 Kf7 38. Re5 Kf6 39. f4
gxf4 40. gxf4 Rxb4 0-1

[Event "Weekend Vitinia"]
[Site "Roma ITA"]
[Date "1997.11.??"]
[Round "1"]
[White "Siraco, Maurizio"]
[Black "Bruno, Fabio"]
[Result "1-0"]
[WhiteElo "1911"]
[BlackElo "2260"]
[PlyCount "37"]
[EventDate "1997.11.??"]

1. e4 c5 2. Nf3 e6 3. d4 cxd4 4. Nxd4 a6 5. g3 b5 6. Bg2 Bb7 7. O-O Qc7 8. a4
b4 9. Nd2 Nf6 10. Re1 Bc5 11. Nc4 Ba7 12. Nf5 exf5 13. Nd6+ Kf8 14. e5 Bxg2 15.
exf6 Be4 16. Rxe4 fxe4 17. Qd5 Qxd6 18. Qxd6+ Kg8 19. fxg7 1-0

[Event "Weekend Vitinia"]
[Site "Roma ITA"]
[Date "1997.11.??"]
[Round "1"]
[White "Spano' Cuomo, Gaetano"]
[Black "Ricca, Roberto"]
[Result "1-0"]
[WhiteElo "1641"]
[BlackElo "2145"]
[PlyCount "143"]
[EventDate "1997.11.??"]

1. d4 f5 2. Nf3 Nf6 3. c4 g6 4. Nc3 Bg7 5. e3 O-O 6. Be2 d6 7. O-O c6 8. Qc2
Na6 9. a3 Bd7 10. b4 Nc7 11. Bb2 Qe8 12. Rfd1 h6 13. Rd2 g5 14. Rad1 Ne4 15.
Nxe4 fxe4 16. Ne1 Qf7 17. Bf1 Bg4 18. Rc1 Bf5 19. d5 Rac8 20. Bxg7 Kxg7 21.
Qb2+ Kh7 22. dxc6 bxc6 23. b5 Ne6 24. Nc2 Nc5 25. Nd4 Bd7 26. Qa2 h5 27. a4 h4
28. Rb1 g4 29. g3 e5 30. Nb3 Nd3 31. Bxd3 exd3 32. Rxd3 Bf5 33. Rxd6 Bxb1 34.
Qxb1+ Qf5 35. Qxf5+ Rxf5 36. bxc6 Rf7 37. gxh4 Rb8 38. Nc5 Kg8 39. Ne6 Rc8 40.
c7 Rfxc7 41. Nxc7 Rxc7 42. Rg6+ Kf7 43. Rxg4 Rc5 44. h5 Ra5 45. h6 Ra6 46. Rh4
Kg8 47. c5 Rc6 48. Rb4 Rxc5 49. Rb8+ Kh7 50. Rb7+ Kxh6 51. Rxa7 Kg5 52. Kg2 Rc2
53. a5 Ra2 54. a6 Kf6 55. Ra8 Kf7 56. a7 Kg7 57. h4 Kh7 58. Kf3 Ra4 59. h5 Kg7
60. h6+ Kh7 61. e4 Ra3+ 62. Kg4 Ra4 63. Kf5 Ra5 64. Ke6 Ra6+ 65. Kxe5 Ra5+ 66.
Kf6 Ra6+ 67. Kf5 Ra2 68. f4 Ra6 69. e5 Ra5 70. Kf6 Ra6+ 71. e6 Ra4 72. Rf8 1-0

[Event "Weekend Vitinia"]
[Site "Roma ITA"]
[Date "1997.11.??"]
[Round "1"]
[White "Steinfl, Alessandro"]
[Black "Attanasi, Salvatore"]
[Result "1-0"]
[WhiteElo "2270"]
[BlackElo "1672"]
[PlyCount "49"]
[EventDate "1997.11.??"]

1. d4 Nf6 2. Bg5 e6 3. e4 h6 4. Bxf6 gxf6 5. Nf3 b6 6. Bd3 Bb7 7. O-O Nc6 8. d5
Nb4 9. Bc4 Ba6 10. Qe2 Bxc4 11. Qxc4 a5 12. a3 Na6 13. dxe6 fxe6 14. Nc3 c6 15.
Rad1 Qc7 16. Nd4 Bd6 17. g3 Ke7 18. Rfe1 Rhg8 19. Nf5+ exf5 20. exf5+ Be5 21.
f4 d6 22. Qe6+ Kf8 23. fxe5 d5 24. Qxf6+ Ke8 25. Qe6+ 1-0

[Event "Weekend Vitinia"]
[Site "Roma ITA"]
[Date "1997.11.??"]
[Round "1"]
[White "Vanzan, Alessandro"]
[Black "De Carolis, Maurizio"]
[Result "0-1"]
[WhiteElo "1528"]
[BlackElo "1702"]
[PlyCount "64"]
[EventDate "1997.11.??"]

1. c4 b6 2. d4 e6 3. Nd2 Bb7 4. Ngf3 Nf6 5. g3 c5 6. e3 Nc6 7. dxc5 Bxc5 8. Bg2
Qc7 9. O-O O-O 10. a3 a5 11. Nb3 Be7 12. Qc2 Rac8 13. Nbd2 Ne5 14. b3 Nxf3+ 15.
Nxf3 d5 16. Bb2 dxc4 17. Be5 Qc5 18. b4 Qd5 19. Rfd1 Qe4 20. Qxe4 Bxe4 21. bxa5
bxa5 22. Rdc1 Rfd8 23. Bc3 a4 24. Bb4 Bf8 25. Nd2 Bxg2 26. Bxf8 Kxf8 27. Nxc4
Bd5 28. Nb6 Rxc1+ 29. Rxc1 Bb3 30. Rc7 Nd5 31. Nd7+ Ke8 32. Ne5 Nxc7 0-1

[Event "Weekend Vitinia"]
[Site "Roma ITA"]
[Date "1997.11.??"]
[Round "2"]
[White "Bruno, Fabio"]
[Black "Matano, Arturo"]
[Result "0-1"]
[WhiteElo "2260"]
[BlackElo "1705"]
[PlyCount "102"]
[EventDate "1997.11.??"]

1. e4 g6 2. d4 Bg7 3. Nf3 d6 4. Nc3 Nf6 5. Bc4 O-O 6. Bg5 c6 7. Qd2 b5 8. Bd3
Nbd7 9. O-O Qc7 10. Rad1 e5 11. d5 b4 12. Ne2 c5 13. c4 Kh8 14. Bc2 Ng8 15. Ng3
f6 16. Be3 Nb6 17. b3 Ne7 18. Bh6 Rf7 19. Nh4 Ng8 20. Bxg7+ Kxg7 21. f4 Nd7 22.
f5 g5 23. Nf3 Kf8 24. Kf2 a5 25. h4 h6 26. Rh1 Qd8 27. Nh5 a4 28. hxg5 fxg5 29.
Nh2 Ndf6 30. Nxf6 Nxf6 31. Qe2 axb3 32. Bxb3 h5 33. Rd3 Rg7 34. Rg3 g4 35. Ke1
Ke7 36. Kd2 Qg8 37. Nf1 Bd7 38. Kd3 Ba4 39. Nd2 Bxb3 40. axb3 Ra2 41. Qd1 Qa8
42. Re3 Qa3 43. Qb1 Rg8 44. Qc1 Qa5 45. g3 Ra8 46. Ree1 Qd8 47. Nb1 Qg8 48.
Rhg1 Rf2 49. Nd2 Ra2 50. Rd1 Qg5 51. Nb1 Rf3+ 0-1

[Event "Weekend Vitinia"]
[Site "Roma ITA"]
[Date "1997.11.??"]
[Round "2"]
[White "Cellucci, Alessandro"]
[Black "Campagna, Maurizio"]
[Result "1-0"]
[WhiteElo "1882"]
[BlackElo "1573"]
[PlyCount "109"]
[EventDate "1997.11.??"]

1. e4 c6 2. d4 d5 3. Nc3 dxe4 4. Bc4 e6 5. f3 exf3 6. Nxf3 b5 7. Bd3 b4 8. Ne4
h6 9. O-O Be7 10. Bf4 Nf6 11. Qe2 a5 12. Rad1 Ba6 13. Nc5 Bxd3 14. Rxd3 O-O 15.
Nxe6 fxe6 16. Qxe6+ Kh7 17. Ne5 Qd6 18. Qf5+ Kg8 19. Ng6 Qd7 20. Qxd7 Nfxd7 21.
Nxe7+ Kh7 22. Bd6 Rxf1+ 23. Kxf1 Ra6 24. Rf3 Rb6 25. Bc7 Rb5 26. Rf5 Rxf5+ 27.
Nxf5 Kg6 28. Ne3 a4 29. Nc4 Kf5 30. Nd2 Na6 31. Bg3 Ke6 32. Ke2 Kd5 33. Ke3 c5
34. dxc5 Naxc5 35. Bc7 Ne5 36. Bxe5 Kxe5 37. h3 Kd5 38. g3 Ne6 39. Nf3 Nc7 40.
Nd4 Kc4 41. Nf5 a3 42. bxa3 bxa3 43. Kd2 Nd5 44. c3 Nxc3 45. Ne3+ Kd4 46. Nc2+
Kc4 47. Nxa3+ Kb4 48. Nc2+ Kc4 49. Ne3+ Kd4 50. Nf5+ Kc4 51. Nxg7 Ne4+ 52. Ke3
Nxg3 53. Kf3 Nf1 54. Nf5 h5 55. Ne3+ 1-0

[Event "Weekend Vitinia"]
[Site "Roma ITA"]
[Date "1997.11.??"]
[Round "2"]
[White "Cordelli, Benedetto"]
[Black "De Carolis, Massimo"]
[Result "0-1"]
[WhiteElo "1600"]
[BlackElo "1702"]
[PlyCount "70"]
[EventDate "1997.11.??"]

1. e4 d6 2. d4 g6 3. Nc3 Bg7 4. Nf3 Nf6 5. Be2 O-O 6. O-O c6 7. Qd2 b5 8. a3 a5
9. Rd1 Qc7 10. e5 dxe5 11. Nxe5 Be6 12. Bf3 Bc8 13. Nxb5 Qb6 14. c4 Bb7 15. Nc3
Na6 16. c5 Qc7 17. Na4 Rad8 18. Nb6 Nxc5 19. Nd5 Nxd5 20. Qc2 Ne6 21. Be3 Bxe5
22. dxe5 Qxe5 23. Re1 Nxe3 24. Rxe3 Qd6 25. h4 Nd4 26. Qc4 Qf4 27. Re4 Nxf3+
28. gxf3 Qxf3 29. Rxe7 c5 30. Rxb7 Qxb7 31. Qxc5 Qxb2 32. Re1 Qd2 33. Rf1 Rfe8
34. Qc7 Re4 35. Qg3 Qd4 0-1

[Event "Weekend Vitinia"]
[Site "Roma ITA"]
[Date "1997.11.??"]
[Round "2"]
[White "Corvi, Marco"]
[Black "Barro, Carlo"]
[Result "1-0"]
[WhiteElo "2260"]
[BlackElo "1747"]
[PlyCount "95"]
[EventDate "1997.11.??"]

1. e4 d6 2. d4 Nf6 3. Nc3 c6 4. f4 Qc7 5. e5 Nd5 6. Nxd5 cxd5 7. Bd3 Nc6 8. c3
g6 9. Qf3 dxe5 10. fxe5 Be6 11. Ne2 Bg7 12. Be3 a6 13. a4 Na5 14. O-O O-O 15.
Nf4 Qd7 16. b4 Nc4 17. Bxc4 dxc4 18. Nxe6 fxe6 19. Qe4 Rf5 20. g4 Rxf1+ 21.
Kxf1 Qd5 22. Qxd5 exd5 23. Bg5 Kf7 24. e6+ Ke8 25. Kg2 h6 26. Bd2 Rd8 27. Bf4
Ra8 28. Rf1 Rc8 29. g5 h5 30. Bg3 Rc6 31. Re1 Kf8 32. b5 axb5 33. axb5 Rb6 34.
Bc7 Rxb5 35. Ra1 Kg8 36. Ra8+ Kh7 37. Re8 Rb2+ 38. Kf3 Rc2 39. Rxe7 Rxc3+ 40.
Ke2 Kg8 41. Re8+ Kh7 42. e7 Bxd4 43. Bf4 Rc2+ 44. Kd1 Rf2 45. Rf8 c3 46. e8=Q
Rf1+ 47. Kc2 Rf2+ 48. Kd3 1-0